Classement des capitales mondiales par population - Statistiques

Statistiques générales
  • Ce quiz a été pris 115 fois
  • Le résultat moyen est 111 sur 200
Statistiques - réponses
Population Capitale Pays % Correct
21 710 000 Pekin Chine
98%
13 953 000 Tokyo Japon
98%
11 541 000 Moscou Russie
96%
10 528 000 Séoul Corée du Sud
96%
8 851 000 Mexico Mexique
95%
8 630 000 Londres Royaume-Uni
94%
10 187 000 Jakarta Indonésie
91%
7 438 000 Le Caire Égypte
91%
8 841 000 Lima Pérou
91%
4 000 000 Alger Algérie
90%
3 520 000 Berlin Allemagne
89%
3 233 000 Madrid Espagne
89%
5 150 000 Ankara Turquie
86%
5 312 000 Singapour Singapour
86%
7 613 000 Bogota Colombie
85%
2 648 000 Brasilia Brésil
85%
2 847 000 Kiev Ukraine
85%
2 268 000 Paris France
85%
2 868 000 Rome Italie
85%
7 216 000 Bagdad Irak
83%
2 891 000 Buenos Aires Argentine
83%
8 249 000 Bangkok Thailande
82%
12 071 000 Kinshasa République Démocratique du Congo
82%
5 084 000 Santiago Chili
82%
8 154 000 Teheran Iran
82%
2 171 000 Stockholm Suède
80%
3 144 000 Pyongyang Corée du Nord
79%
3 398 000 Hanoi Vietnam
78%
1 749 000 Vienne Autriche
78%
1 942 000 Bucarest Roumanie
77%
3 140 000 Kaboul Afghanistan
77%
8 906 000 Dacca Bangladesh
76%
2 135 000 La Havane Cuba
76%
1 789 000 Rabat Maroc
76%
2 702 000 Taipei Taiwan
76%
1 211 000 Bruxelles Belgique
75%
1 711 000 Varsovie Pologne
75%
1 729 000 Budapest Hongrie
74%
3 138 000 Nairobi Kenya
74%
2 345 000 Pretoria Afrique du Sud
74%
3 500 000 Damas Syrie
73%
1 045 000 Dublin Irlande
73%
1 241 000 Prague République Tchèque
73%
4 878 000 Riyad Arabie Saoudite
73%
1 574 000 Beyrouth Liban
72%
810 000 Amsterdam Pays-Bas
71%
1 702 000 Minsk Biélorussie
71%
1 369 000 Montevideo Uruguay
70%
898 000 Ottawa Canada
70%
804 000 Zagreb Croatie
69%
1 289 000 Bamako Mali
68%
1 838 000 Caracas Venezuela
68%
1 171 000 Koweit Koweit
68%
658 000 Washington États-Unis
68%
3 040 000 Addis-Abeba Ethiopie
67%
2 600 000 Amman Jordanie
67%
721 000 Athènes Grèce
67%
2 204 000 Bakou Azerbaidjan
67%
623 000 Copenhague Danemark
67%
1 030 000 Dakar Sénégal
67%
596 000 Helsinki Finlande
67%
564 000 Lisbonne Portugal
67%
1 652 000 Manille Philippines
67%
645 000 Oslo Norvège
67%
1 452 000 Oulan-Bator Mongolie
67%
767 000 Tunis Tunisie
67%
1 613 000 Antananarivo Madagascar
66%
354 000 Canberra Australie
66%
901 000 Jérusalem Israel
66%
1 504 000 Quito Équateur
66%
76 000 Luxembourg Luxembourg
65%
813 000 Panama Panama
65%
1 235 000 Port-au-Prince Haiti
65%
713 000 Riga Lettonie
65%
1 154 000 Belgrade Serbie
64%
137 000 Berne Suisse
64%
1 088 000 Brazzaville République du Congo
64%
1 450 000 Doha Qatar
64%
35 000 Monaco Monaco
64%
400 000 Sofia Bulgarie
64%
826 Vatican Vatican
64%
381 000 Wellington Nouvelle-Zélande
64%
1 103 000 Guatemala Guatemala
63%
1 381 000 Kuala Lumpur Malaisie
63%
249 000 New Delhi Inde
63%
1 616 000 Yaoundé Cameroun
63%
1 080 000 Erevan Arménie
61%
955 000 Islamabad Pakistan
61%
2 453 000 Luanda Angola
61%
877 000 Sucre Bolivie
61%
763 000 Tirana Albanie
61%
1 184 000 Tripoli Libye
61%
22 000 Andorre-la-Vieille Andorre
60%
701 000 Kingston Jamaique
60%
6 000 La Valette Malte
59%
115 000 Reykjavik Islande
59%
475 000 Djibouti Djibouti
58%
1 005 000 Ouagadougou Burkina Faso
58%
812 000 Katmandou Népal
57%
1 740 000 Khartoum Soudan
57%
270 000 Nicosie Chypre
57%
4 000 Saint-Marin Saint-Marin
57%
1 044 000 Tbilissi Géorgie
57%
424 000 Bratislava Slovaquie
56%
794 000 Chisinau Moldavie
56%
1 399 000 Conakry Guinée
56%
835 000 Noursoultan Kazakhstan
56%
403 000 Talinn Estonie
56%
556 000 Vilnius Lituanie
56%
595 000 Abou Dabi Émirats Arabes Unis
55%
1 640 000 Accra Ghana
55%
521 000 San Salvador Salvador
55%
383 000 Sarajevo Bosnie-Herzégovine
55%
2 207 000 Tachkent Ouzbekistan
55%
1 111 000 Saint-Domingue République Dominicaine
54%
1 431 000 Sanaa Yemen
53%
5 000 Vaduz Liechtenstein
53%
584 000 Skopje Macédoine du Nord
51%
452 000 Bissau Guinée-Bissau
50%
1 070 000 Freetown Sierra Leone
50%
1 487 000 Harare Zimbabwe
49%
719 000 Nouakchott Mauritanie
49%
185 000 Podgorica Monténégro
49%
454 000 Yamoussoukro Cote d'Ivoire
49%
520 000 Asuncion Paraguay
48%
556 000 Libreville Gabon
48%
797 000 Mascate Oman
48%
1 097 000 Mogadiscio Somalie
48%
824 000 Lomé Togo
47%
328 000 San José Costa Rica
47%
751 000 Ndjaména Tchad
46%
1 659 000 Kampala Ouganda
45%
1 331 000 Lusaka Zambie
45%
926 000 Managua Nicaragua
45%
794 000 Niamey Niger
45%
778 000 Abuja Nigeria
44%
718 000 Kigali Rwanda
44%
248 000 Nassau Bahamas
44%
198 000 Pristina Kosovo
44%
287 000 Vientiane Laos
44%
843 000 Bichkek Kirghizistan
43%
103 000 Malé Maldives
43%
299 000 Port Moresby Papouasie-Nouvelle-Guinée
43%
735 000 Tegucigalpa Honduras
43%
56 000 Sao Tome Sao-Tome et Principe
42%
731 000 Bangui République Centrafricaine
41%
1 076 000 Maputo Mozambique
41%
1 010 000 Monrovia Liberia
41%
16 000 Belmopan Belize
40%
147 000 Port Louis Ile Maurice
40%
125 000 Praia Cap Vert
40%
50 000 Port d'Espagne Trinidad-et-Tobago
39%
763 000 Achgabat Turkménistan
38%
543 000 Asmara Erythrée
38%
225 000 Gaborone Botswana
38%
925 000 Naypyidaw Birmanie
38%
29 000 Victoria Seychelles
38%
59 000 Dili Timor Oriental
36%
134 000 Georgetown Guyana
36%
902 000 Lilongwe Malawi
36%
140 000 Manama Bahrein
36%
223 000 Porto-Novo Benin
36%
287 000 Dodoma Tanzanie
35%
582 000 Douchanbé Tadjikistan
35%
254 000 Paramaribo Suriname
35%
252 000 Windhoek Namibie
35%
372 000 Djouba Soudan du Sud
34%
14 000 Roseau Dominique
34%
84 000 Suva Fidji
34%
34 000 Banjul Gambie
33%
1 092 000 Gitega Burundi
33%
280 000 Ljubjana Slovénie
33%
28 000 Bandar Seri Begawan Brunei
31%
70 000 Castries Sainte-Lucie
31%
101 000 Thimphou Bhoutan
31%
100 000 Malabo Guinée Equatoriale
30%
267 000 Maseru Lesotho
30%
60 000 Moroni Comores
29%
2 011 000 Phnom Pehn Cambodge
29%
118 000 Sri Jayawardenapura Kotte Sri Lanka
28%
81 000 Mbabane Eswatini
27%
13 000 Basseterre Saint-Christophe-et-Nievès
25%
110 000 Bridgetown Barbade
25%
39 000 Apia Samoa
24%
7 000 Saint Georges Grenade
24%
22 000 Saint John's Antigua-et-Barbuda
23%
4 000 Funafuti Tuvalu
22%
40 000 Kingstown Saint-Vincent-les-Grenadines
22%
9 000 Palikir Micronésie
22%
1 000 Yaren Nauru
22%
38 000 Port Vila Vanuatu
21%
22 000 Nuku'alofa Tonga
20%
59 000 Honiara Salomon
19%
30 000 Tarawa Kiribati
18%
780 000 Jérusalem-Est Palestine
17%
299 Ngerulmud Palaos
17%
616 Alofi Niue
6%
5 000 Avarua Iles Cook
6%
25 000 Delap-Uriga-Darrit Iles Marshall
2%
3 000 Tifariti Sahara Occidental
0%
Aucun quiz correspondant
Distribution des résultats
% des personnes avec chaque résultat
Percentile par nombre de réponses
Votre historique - résultats
Vous n’avez pas pris ce quiz